|
|
|
|
| LEADER |
00000nam0a2200000 4500 |
| 001 |
376119 |
| 005 |
20231102012808.0 |
| 020 |
|
|
|a RU
|b 86-77377
|
| 035 |
|
|
|a (RuTPU)RU\TPU\retro\33559
|
| 035 |
|
|
|a RU\TPU\book\304138
|
| 090 |
|
|
|a 376119
|
| 100 |
|
|
|a 20221221d1986 km y0rusy5003 ca
|
| 101 |
0 |
|
|a rus
|
| 102 |
|
|
|a RU
|
| 105 |
|
|
|a y z 001zy
|
| 200 |
1 |
|
|a Кодирование информации в ЕС ЭВМ
|f В. Ф. Зайцев
|
| 210 |
|
|
|a Москва
|c Радио и связь
|d 1986
|
| 215 |
|
|
|a 104 с.
|c ил.
|
| 320 |
|
|
|a Библиогр.: с. 103
|
| 606 |
|
|
|a Кодирование информационное
|2 stltpush
|3 (RuTPU)RU\TPU\subj\14620
|9 40983
|
| 610 |
1 |
|
|a системы счисления
|
| 610 |
1 |
|
|a арифметические операции
|
| 610 |
1 |
|
|a ЕС ЭВМ
|
| 610 |
1 |
|
|a архитектура
|
| 610 |
1 |
|
|a числовая информация
|
| 610 |
1 |
|
|a числа
|
| 610 |
1 |
|
|a представления
|
| 610 |
1 |
|
|a текстовая информация
|
| 675 |
|
|
|a 661.325.3
|v 3
|
| 700 |
|
1 |
|a Зайцев
|b В. Ф.
|g Вадим Федорович
|
| 801 |
|
0 |
|a RU
|b RuMRKP
|c 19950704
|g psbo
|
| 801 |
|
1 |
|a RU
|b 63413507
|c 20150113
|
| 801 |
|
2 |
|a RU
|b 63413507
|c 20221221
|g RCR
|
| 942 |
|
|
|c BK
|